|
|
|
|
| LEADER |
00000nab a2200000 a 4500 |
| 001 |
vtls008876940 |
| 003 |
SK-MaSNL |
| 005 |
20260304171942.0 |
| 008 |
250505c2005 xo 0 slo |
| 015 |
|
|
|a SNBCL2005/5
|
| 035 |
|
|
|a SLK036570
|
| 035 |
|
|
|a urn:nbn:sk:snk-ab94rs
|
| 035 |
|
|
|a (urnnbn)urn:nbn:sk:snk:ar-006m04
|
| 035 |
|
|
|a (uuid)98116f08-3bc4-401b-9c93-a294a6bde33d
|
| 040 |
|
|
|a SNKBUCL
|b slo
|c SNKBUCL
|e AACR2
|
| 041 |
0 |
|
|a cze
|
| 044 |
|
|
|a xo
|c SK
|
| 080 |
|
|
|a 61-051:616.8:929 Šercl Miroslav
|2 1981
|
| 100 |
1 |
|
|a Taláb, Radomír
|u Neurologická klinika FN, Hradec Králové
|4 aut
|9 1130845
|
| 245 |
1 |
0 |
|a 33. Šerclovy dny
|c Radomír Taláb
|
| 600 |
1 |
7 |
|a Šercl, Miroslav
|d 1908-1972
|2 snkbucl
|9 1500997
|
| 650 |
0 |
7 |
|a osobnosti významné
|2 MESH
|9 315451
|
| 650 |
0 |
7 |
|a biografia
|2 MESH
|9 71085
|
| 650 |
0 |
7 |
|a neurológia
|2 MESH
|9 908
|
| 773 |
0 |
|
|t Neurológia pre prax
|g Roč. 6, č. 6 (2005), s. 319
|x 1335-9592
|
| 850 |
|
|
|a Slovenská národná knižnica
|
| 852 |
|
|
|a Slovenská národná knižnica
|
| 954 |
|
|
|a odborná, vedecká literatúra pôvodná (slovenská)
|2 lita
|
| 954 |
|
|
|a odborná, vedecká literatúra cudzojazyčná (svetová)
|2 lita
|
| 958 |
|
|
|a article13
|
| 958 |
|
|
|a OND
|
| 958 |
|
|
|a EUIPO
|
| 999 |
|
|
|c 2995686
|d 2997616
|